=LDR 00000nam 2200000 4500 =001 INLIS000000000049537 =005 20210617095338 =035 ##$$a 0010-021700000000329 =008 210617################g##########0#ind## =020 ##$$a 978-602-9024-56-2 =040 ##$$a NBPDMAT =082 ##$$a R .297.41 =090 ##$$a R .297.41 Abu e =100 ##$$a Abu Faqih Al-Atsary =245 1#$$a Ensiklopedia sujud : ragam , hikmah dan keutamaan : $b Alampun bersujud kepada Ar-Rahman /$c Abu Faqih Al-Atsary =260 ##$$a Solo :$b Pustaka Arafah,$c 2013 =300 ##$$a 306 hlm . ; $c 23 x 15 cm. =650 #4$$a Ibadah ( Islam ) =084 ##$$a R .297.41 ABU e =250 ##$$a cet. 1 =520 ##$$a Bibliografi hlm. 301-306 =990 ##$$a 21603016 =990 ##$$a 21603017 =990 ##$$a 21603018 =990 ##$$a 21603019 =990 ##$$a 21603020